000 04897nab a2200325 i 4500
003 BR-BrBNA
005 20240307162027.0
008 240307b2019 bl.qr|pooa||| 00| 0 por |
040 _aBR-BrBNA
_bpor
072 _aK10
100 _aBittencourtI, Ricardo
100 _aSteiner, Felipe
100 _aSant’Anna, Cristina Silva
100 _aMontagna, Tiago
100 _aFernandes, Caio Darós
100 _aSilva, Fernando André Loch Santos da
100 _aReis, Maurício Sedrez dos
245 _aDiversidade e estrutura genética de populações de Podocarpus lambertii Klotzsch ex Endl. na floresta ombrófila mista em Santa Catarina
500 _aPublicação on-line; 26 ref.; 4 tables; 3 illus.; Summaries (En, Pt)
520 _a Resumo Podocarpus lambertii (Podocarpaceae) é conhecido popularmente como pinheiro-bravo. Ocorre em várias formações florestais da Mata Atlântica, principalmente na Floresta Ombrófila Mista. Devido à intensa exploração madeireira sofrida pela espécie, ela está presente na categoria “Quase ameaçada” da Lista Vermelha das Espécies Ameaçadas da IUCN. Diante disso, este estudo teve por objetivo caracterizar a diversidade e estrutura genética de 12 populações no Estado de Santa Catarina, a fim de gerar informações para fundamentar estratégias de conservação para a espécie. Foram coletadas folhas de 50 indivíduos adultos em cada população. Para acessar os níveis e a distribuição da diversidade genética, utilizaram-se 10 sistemas enzimáticos. As frequências alélicas, a porcentagem de locos polimórficos (P100%), as heterozigosidades observada (HO) e esperada (HE), o índice de fixação (f) e a divergência genética (FST) foram calculados com auxílio do programa FSTAT. Os 10 sistemas enzimáticos analisados revelaram 11 locos com um total de 32 alelos (A= 1,8). As populações de Podocarpus lambertii apresentaram baixa diversidade genética (P100% = 52,7; HO = 0,049; HE = 0,079). As frequências alélicas das populações apresentaram desvios significativos das esperadas em Equilíbrio de Hardy-Weinberg, evidenciando um deficit de heterozigotos (f = 0,374). A presença de alelos raros nas populações e uma divergência genética significativa (FST = 0,303) evidenciam um baixo fluxo gênico histórico e um grande risco de perda de diversidade. Os resultados obtidos indicam a necessidade de conservação in situ das várias populações de Podocarpus lambertii e de um aumento da conectividade entre as populações remanescentes. Palavras-chave: Alozimas; Índice de fixação; Conservação in situ; Conífera
520 _a Abstract Podocarpus lambertii (Podocarpaceae) is popularly known in Brazil as pinheiro-bravo. It occurs in several forest formations of the Atlantic Rain Forest, mainly in the Ombrophilous Mixed Forest. Due to the high wood exploitation suffered by the species, it is listed as ‘Almost Threatened’ in The IUCN Red List of Threatened Species. In face of this, the objective of the present study was to characterize the genetic diversity and structure of 12 natural populations of Podocarpus lambertii in Santa Catarina state, aiming to generate information for the definition of effective conservation strategies for the species. To access genetic diversity levels and distribution, it was used 10 allozymic systems. Along with the assistance of the software Fstat, the allelic frequencies (A), polymorphic loci percentage (P), observed heterozigosity (Ho), expected heterozigosity, fixation index (f) and genetic divergence between populations (FST) were calculated. In 11 loci 32 alleles (A= 1,8) were detected. A low genetic diversity was detected for Podocarpus lambertii populations (P100% = 52,7; HO = 0,049; HE = 0,079). The mean fixation index obtained (f = 0,374) indicates a deficit of heterozygous individuals. A high number of low frequency alleles was detected and together with the high genetic divergence (FST = 0,303), it points towards the necessity of in situ conservation of a large number of Podocarpus lambertii populations and the need to increase the connectivity among the remnant populations. Keywords: Allozymes; Fixation index; In situ conservation; Conifer
650 _aÁRVORE CONÍFERA
650 _aPODOCARPUS LAMBERTII
650 _aPINHEIRO BRAVO
650 _aCONSERVAÇÃO
773 0 _04065
_9313811
_dSanta Maria-RS Universidade Federal de Santa Maria - Centro de Pesquisas Florestais.Departamento de Ciências Florestais. Programa de Pós-Graduação em Engenharia Florestal 1991
_o2024-0078
_tCiência Florestal (Brazil)
_x0103-9954; 1980-5098 (on-line)
_gV. 29(1) p. 63-74; (Jan-Mar 2011)
_wBR2023001582
856 _uhttps://www.scielo.br/j/cflo/a/CnB8vcrssS5JxSMvZTjNXYS/?format=pdf&lang=pt
942 _cAnalítica
999 _c298707
_d298707